000 00505nam a22002057a 4500
003 OSt
005 20241028133134.0
008 241028b |||||||| |||| 00| 0 eng d
020 _a978-81-315-0172-6
040 _cTrident
082 _a512.9434
_bSTR
100 _aGilbert Strang
_945396
245 _aLinear Algebra and Its Applications
250 _a4th
260 _aDelhi
_bPublisher
_c2019
300 _aviii,487p;
500 _aBook Quantity-10
650 _aMathematics
942 _2ddc
_cBK
_n0
999 _c61125
_d61125